| 000 | 00511nam a22001817a 4500 | ||
|---|---|---|---|
| 003 | CEME | ||
| 005 | 20210628203506.0 | ||
| 008 | 210121b xxu||||| |||| 00| 0 eng d | ||
| 020 | _a9780-471-946540 | ||
| 040 | _c. | ||
| 082 | _a616.994 NAT | ||
| 100 |
_aNathan, David G _965793 |
||
| 245 | _aThe cancer treatment revolution | ||
| 260 |
_aUSA _bJOHN WILEY & SONS _c2007 |
||
| 300 | _aX,262P | ||
| 650 |
_aCANCER TREATMENT REVOLUTION.CANCER-PATIENTS.CANCER-TREATMENT-POPULAR WORKS _965794 |
||
| 942 |
_cBK _2ddc |
||
| 999 |
_c573902 _d573902 |
||